| 000 | 01142nam a2200241 a 4500 | ||
|---|---|---|---|
| 005 | 20210219160119.0 | ||
| 008 | 080804s1982 mx r 000 0 spa d | ||
| 020 | _a9233020592 | ||
| 035 | _aUPN01000158980 | ||
| 049 | _aUNE | ||
| 080 | _a577.4 (83) VEL Vol.1. | ||
| 100 | 1 | _aVeloso M., Alberto | |
| 245 | 1 | 3 |
_aEl ambiente natural y las poblaciones humanas de los Andes del Norte Grande de Chile (Arica, Lat. 18o28's) : _bvolumen 1 : La Vegetación y los vertebrados inferiores de los pisos altitudinales entre Arica y el Lago Chungara / _cAlberto Veloso M., Eduardo Bustos O-. |
| 260 |
_aMontevideo : _bUNESCO, _c1982. |
||
| 300 |
_a327 p. : _bil., map., retrs. |
||
| 440 | 3 |
_aEl hombre y los ecosistemas de montaña ; _v1 |
|
| 690 | _aMedio ambiente natural - Habitat - Climatología - Fauna - Flora | ||
| 690 | _aRecursos naturales - Condiciones de vida - Geografía humana | ||
| 690 | _aChile - Genética humana - Efectos fisiológicos - Poblaciones i. | ||
| 700 | 1 |
_aBustos O., Eduardo, _ecoaut. |
|
| 710 | 2 |
_aROSTLAC. _bOficina Regional de Ciencia y Tecnología de la UNESCO para América Latina y el Caribe |
|
| 905 | _aUNESCO | ||
| 999 |
_c131094 _d131094 |
||